000 00950nam a2200217Ii 4500
008 221202s xx 000 0 und d
100 1 _aPetter Langtangen, Hans,
_eauthor
245 0 _aFinite Difference Computing with Exponential Decay Models
264 1 _aCham
_bSpringer Nature
_c2016
300 _a1 online resource
336 _atext
_btxt
_2rdacontent
337 _acomputer
_bc
_2rdamedia
338 _aonline resource
_bcr
_2rdacarrier
490 _aLecture Notes in Computational Science and Engineering
_v110
520 _aComputational Science and Engineering; software Engineering; Programming Techniques
653 _aComputational Science And Engineering
653 _aProgramming Techniques
653 _aSoftware Engineering
856 _uhttps://library.oapen.org/bitstream/20.500.12657/27712/1/1002294.pdfhttp://link.springer.com/book/10.1007/978-3-319-29439-1http://library.oapen.org/handle/20.500.12657/27712
942 _cE-BOOK
999 _c62570
_d62570